000
00229nam a2200097Ia 4500
005
20251222114345.0
008
251222s1900||||xx |||||||||||||| ||spa||
082
_a
DVD0070/C97/1999/Ej.2
245
0
_a
David Copperfield :
942
_c
DVD
999
_c
1023
_d
1023